000 00806nam a2200253 i 4500
001 bg
100 1 _aBROWN, James Dean
245 1 0 _aCriterion-referenced language testing /
_cJames Dean Brown, Thom Hudson.
260 _aCambridge :
_bCambridge University Press,
_ccop. 2002.
300 _aXVI, 320 s. :
_bwykr. ;
_c23 cm.
490 1 _aThe Cambridge Applied Linguistics Series
504 _aBibliogr. - Indeks.
650 9 _aJęzyki
_xnauczanie
_xbadanie
700 1 _aHUDSON, Thom
830 _aThe Cambridge Applied Linguistics Series
020 _a0521000831
040 _cBPK
041 0 _aeng
080 _a372.881.1:81'24
920 _a0-521-00083-1
942 _cKS
008 s pl f |000 0 pol
999 _c51824
_d51824